000 00634nam a2200181 i 4500
001 53891
003 ES-MaACL
005 20230906162841.0
007 t|
008 931025s1889 sp ||||1| spa d
040 _aAS
_bspa
_cPAB
100 1 _aFernández Prida, Joaquín.
_950011
245 1 3 _aLa paz armada
_b: discurso leido en el Ateneo y Sociedad de Excursiones de Sevilla al inagurarse el curso de 1889 a 1890 /
_cpor Joaquín Fernández Prida.
260 _aSevilla :
_b[s.n.],
_c1889 (
_fTipografía de Díaz y Carballo)
300 _a55 p. ;
_c18 cm.
710 2 _aAteneo de Sevilla.
_92028
852 _aES-MaACL
_jT-575-F-2
999 _c53891
_d53891